Top 5 Best NFL teams of the 2000's - Statistics

General Stats
  • This quiz has been taken 410 times
  • The average score is 4 of 5
Answer Stats
Wins Team % Correct
112 New England Patriots
97%
103 Pittsburgh Steelers
83%
95 Green Bay Packers
79%
115 Indianapolis Colts
72%
103 Philadelphia Eagles
52%
No matching quizzes found
Score Distribution
Percent of People with Each Score
Percentile by Number Answered
Your Score History
You have not taken this quiz